Лечение огнём (Запись № 13704288)

Подробности
000 -МАРКЕР
контрольное поле 02910nam0a2200409 4500
001 - ИДЕНТИФИКАТОР ЗАПИСИ
контрольное поле RU\NLR\BIBL_A\022737787
005 - ИДЕНТИФИКАТОР ВЕРСИИ
контрольное поле 20260517042555.0
010 ## - МЕЖДУНАРОДНЫЙ СТАНДАРТНЫЙ НОМЕР КНИГИ (ISBN)
Номер (ISBN) 978-5-905281-24-2
Тираж 500
021 ## - НОМЕР ГОСУДАРСТВЕННОЙ РЕГИСТРАЦИИ
Код страны Российская Федерация
Номер КН-П-25-081607
Номер Листа государственной регистраци КН-П-25-7903
035 ## - ДРУГИЕ СИСТЕМНЫЕ НОМЕРА
Идентификатор записи (NLR Aleph) 022737787
100 ## - ДАННЫЕ ОБЩЕЙ ОБРАБОТКИ
Данные общей обработки 20260226d2025 u y0rusy50 ca
101 1# - ЯЗЫК РЕСУРСА
Язык текста, звукозаписи и т.д. русский
Язык промежуточного перевода тибетский
Язык оригинала английский
102 ## - СТРАНА ПУБЛИКАЦИИ ИЛИ ПРОИЗВОДСТВА
Страна публикации Российская Федерация
105 ## - ПОЛЕ КОДИРОВАННЫХ ДАННЫХ: ТЕКСТОВЫЕ МАТЕРИАЛЫ, МОНОГРАФИЧЕСКИЕ
Кодированные данные о монографическом текстовом документе a j 001yy
181 #0 - ПОЛЕ КОДИРОВАННЫХ ДАННЫХ: ВИД СОДЕРЖАНИЯ
Код вида содержания (ISBD) i
Код характеристики содержания (ISBD) xxe
182 #0 - ПОЛЕ КОДИРОВАННЫХ ДАННЫХ: ТИП СРЕДСТВА
Код типа средства (ISBD) n - непосредственное
200 1# - ЗАГЛАВИЕ И СВЕДЕНИЯ ОБ ОТВЕТСТВЕННОСТИ
Основное заглавие Лечение огнём
Сведения, относящиеся к заглавию учебник тибетской мокса-терапии
-- для врачей-рефлексотерапевтов, специалистов традиционной тибетской медицины
Первые сведения об ответственности Чогьял Намкай Норбу
Последующие сведения об ответственности перевод с тибетского [на английский] и введение Элио Гуариско
-- перевод с английского: Фарида Маликова
-- рисунки: Танита Феррари
203 ## - ВИД СОДЕРЖАНИЯ И ТИП СРЕДСТВА
Вид содержания Текст
Дополнительные сведения об издании визуальный
Тип средства непосредственный
210 ## - ПУБЛИКАЦИЯ, РАСПРОСТРАНЕНИЕ И ДР.
Место издания, распространения и т.д. Санкт-Петербург
Имя издателя, распространителя и т. д. Шанг Шунг
Дата издания, распространения и т.д. 2025
215 ## - ФИЗИЧЕСКАЯ ХАРАКТЕРИСТИКА
Специфическое обозначение материала и объем 239 с.
Другие сведения о физической характеристике ил., табл.
Размеры 26
300 ## - ОБЩИЕ ПРИМЕЧАНИЯ
Текст примечания На доп. тит. л. загл. и вых. дан. ориг. англ. изд.: Healing with Fire. Arcidosso : Shang Shung Publications, 2011
300 ## - ОБЩИЕ ПРИМЕЧАНИЯ
Текст примечания Загл. тибет. ориг.: Me gtsa'i lag len nyung bsdus dwangs shel me long ("Ясное хрустальное зеркало. Краткое руководство по практике применения моксы")
320 ## - ПРИМЕЧАНИЯ О НАЛИЧИИ В ДОКУМЕНТЕ БИБЛИОГРАФИИ / УКАЗАТЕЛЯ
Текст примечания Библиогр.: с. 189–192 и в примеч.: с. 157–187
320 ## - ПРИМЕЧАНИЯ О НАЛИЧИИ В ДОКУМЕНТЕ БИБЛИОГРАФИИ / УКАЗАТЕЛЯ
Текст примечания Указ. показаний: с. 193–218
320 ## - ПРИМЕЧАНИЯ О НАЛИЧИИ В ДОКУМЕНТЕ БИБЛИОГРАФИИ / УКАЗАТЕЛЯ
Текст примечания Общий указ.: с. 219–236
454 #0 - ОРИГИНАЛ (ПЕРЕВОДА)
Встроенное поле 2001#$aHealing with Fire
-- 210##$aArcidosso$cShang Shung Publications$d2011
-- 700#0$aNamkhai Norbu$f1938-2018$3RU\NLR\AUTH\7724977
Заглавие Healing with Fire
Автор Namkhai Norbu (1938-2018)
488 #0 - ДРУГИЕ ВЗАИМОСВЯЗАННЫЕ ПРОИЗВЕДЕНИЯ (ДОКУМЕНТЫ)
Встроенное поле 2001#$aMe gtsa'i lag len nyung bsdus dwangs shel me long
-- 5411#$aЯсное хрустальное зеркало. Краткое руководство по практике применения моксы
Заглавие Me gtsa'i lag len nyung bsdus dwangs shel me long
606 1# - НАИМЕНОВАНИЕ ТЕМЫ КАК ПРЕДМЕТ
Наименование темы Прижигание (мед.)
Формальный подзаголовок Учебники
Системный номер авторитетной/нормативной записи 997309
Идентификатор авторитетной/нормативной записи RU\NLR\AUTH\66377657
686 1# - ИНДЕКСЫ ДРУГИХ КЛАССИФИКАЦИЙ
Индекс Р358.4я7-1
700 #0 - ИМЯ ЛИЦА - ПЕРВИЧНАЯ ОТВЕТСТВЕННОСТЬ
Графика поля Кириллица
Материалы, к которым относится поле rus
Начальный элемент ввода Намкай Норбу
Даты 1938-2018
Системный номер авторитетной/нормативной записи 119425
Идентификатор авторитетной/нормативной записи RU\NLR\AUTH\779605
702 #1 - ИМЯ ЛИЦА - ВТОРИЧНАЯ ОТВЕТСТВЕННОСТЬ
Код отношения Переводчик
-- Автор введения, предисловия, примечания и т.п.
Графика поля Кириллица
Материалы, к которым относится поле rus
Начальный элемент ввода Гуариско
Часть имени, кроме начального элемента ввода Э.
Даты 1954-
Расширение инициалов личного имени Элио
Системный номер авторитетной/нормативной записи 106152
Идентификатор авторитетной/нормативной записи RU\NLR\AUTH\77123227
702 #1 - ИМЯ ЛИЦА - ВТОРИЧНАЯ ОТВЕТСТВЕННОСТЬ
Начальный элемент ввода Феррари
Часть имени, кроме начального элемента ввода Т.
Расширение инициалов личного имени Танита
Код отношения Иллюстратор
942 ## - ДОПОЛНИТЕЛЬНЫЕ ЭЛЕМЕНТЫ ЗАПИСИ (АБИС)
Тип экземпляра АБИС Книга
980 ## - КОЛЛЕКЦИЯ
Название коллекции Национальная библиография

Нет доступных экземпляров.